Quel acteur a un rôle dans ce film ? - Statistiques

Statistiques générales
  • Ce quiz a été pris 91 fois
    84 depuis la dernière actualisation
  • Le résultat moyen est 3 sur 8
Statistiques - réponses
Hint Réponse % Correct
Le Hobbit Benedict Cumberbatch
51%
Interstellar Thimotée Chalamet
49%
Thor : Love and Thunder Christian Bale
46%
Les affranchis Samuel L. Jackson
46%
Once upon a time in Hollywood... Sydney Sweeney
44%
Il faut sauver le soldat Ryan Bryan Cranston
38%
Eternal sunshine of the spotless mind Mark Ruffalo
37%
House of Gucci Jared Leto
35%
Aucun quiz correspondant
Distribution des résultats
% des personnes avec chaque résultat
Percentile par nombre de réponses
Votre historique - résultats
Vous n’avez pas pris ce quiz depuis la dernière actualisation